Zdravotná starostlivosť

Bibliographic Details
Main Authors: Gajdoš, Miroslav, 1959- (Author), Šulla, Igor, 1945- (Author)
Format: Book
Language:Slovak
PhysicalDescription:128 s. ilustr., tab. 29 cm
Published: Košice Univerzita Pavla Jozefa Šafárika 2004
ISBN:8070975695
Edition:1. vyd.
Series:Vysokoškolské učebné texty
Subjects:

MARC

LEADER 00000nam a2200000 a 4500
001 vtls008153978
003 SK-MaSNL
005 20260301122629.0
008 240313s2004 xo al d p 000 0 slo
015 |a SNBA2005/09-03436 
020 |a 8070975695  |q (brož.) 
035 |a 2A57694F-C047-4E0A-881C-D9A89ED1AF53 
035 |a urn:nbn:sk:snk-amluwf 
035 |a urn:nbn:sk:snk-am00cb8k 
040 |a SNK  |b slo  |c SNK  |e AACR2 
041 0 |a slo 
044 |a xo  |c SK 
072 7 |a 614  |x Verejné zdravie a hygiena  |2 konspekt 
080 |a (075.8)  |2 MDT-MRF 
080 |a 614.2  |2 MDT-MRF 
100 1 |a Gajdoš, Miroslav,  |d 1959-  |4 aut  |9 225871 
245 1 0 |a Zdravotná starostlivosť  |c Miroslav Gajdoš, Igor Šulla a kolektív 
250 |a 1. vyd. 
260 |a Košice  |b Univerzita Pavla Jozefa Šafárika  |c 2004 
300 |a 128 s.  |b ilustr., tab.  |c 29 cm 
490 1 |a Vysokoškolské učebné texty 
504 |a Bibliogr. odkazy 
506 |a 1000 výtl. 
650 0 7 |a zdravotná starostlivosť  |2 SNKPH  |9 1303 
655 7 |a učebnice vysokých škôl  |2 SNKPH  |9 70191 
700 1 |a Šulla, Igor,  |d 1945-  |4 aut  |9 237082 
810 2 |a Univerzita Pavla Jozefa Šafárika v Košiciach.  |b Lekárska fakulta  |t Vysokoškolské učebné texty  |9 276777 
919 |a 80-7097-569-5 
968 |d 61 
999 |c 733524  |d 735454 
952 |a SNK  |b SNK  |y VYP  |7 0  |p 17A0468638  |o snkSB 70426 D1  |i snk2005/8125  |8 0  |0 0  |1 0  |4 0  |d 2005-05-16  |l 0  |r 2016-06-30 00:00:00  |w 2026-02-23 
952 |a SNK  |b SNK  |y PREZ  |7 0  |p 17A0468639  |o snkSB 70426  |i snk2005/8123  |8 0  |0 0  |1 0  |4 0  |d 2005-05-16  |f 1  |l 0  |r 2025-04-25 00:00:00  |w 2026-02-23